|
|
|
|
| LEADER |
00900naa a2200205 i 4500 |
| 001 |
publ28865 |
| 005 |
20231122183515.0 |
| 008 |
231122s2015 hu o 0|| Angol d |
| 024 |
7 |
|
|a 2989129
|2 mtmt
|
| 040 |
|
|
|a SZTE Publicatio Repozitórium
|b hun
|
| 041 |
|
|
|a Angol
|
| 100 |
1 |
|
|a Nagy Csongor István
|
| 245 |
1 |
4 |
|a The framework of national price-regulation in the European Union, with special emphasis on liberalized markets
|h [elektronikus dokumentum] /
|c Nagy Csongor István
|
| 260 |
|
|
|a Közgazdaság- és Regionális Tudományi Kutatóközpont Közgazdaság-tudományi Intézet
|b Budapest
|c 2015
|
| 300 |
|
|
|a 19
|
| 300 |
|
|
|a 171-189
|
| 490 |
0 |
|
|a Competition and regulation, 2015
|
| 650 |
|
4 |
|a Jogtudomány
|
| 856 |
4 |
0 |
|u http://publicatio.bibl.u-szeged.hu/28865/1/Nagy.pdf
|z Dokumentum-elérés
|
| 856 |
4 |
0 |
|u http://publicatio.bibl.u-szeged.hu/28865/3/2989129_c%C3%ADmlap_tartalom.pdf
|z Dokumentum-elérés
|